000
00266nam a2200109Ia 4500
008
190216s9999||||xx |||||||||||||| ||und||
100
_a
Rao V S P & Narayana P.S
245
0
_a
Management
260
_b
Allied Publishers Limited
_c
1998
300
_a
479p
942
_c
BK
999
_c
5800
_d
5800